|
|
|
|
| LEADER |
00000ngm a22000007i 4500 |
| 001 |
IT\ICCU\UBO\3377109 |
| 003 |
ItRI |
| 005 |
20260124182844.0 |
| 008 |
080220s1998 xxk|||||||||||||||k|||||c |
| 028 |
4 |
2 |
|a DTK067
|
| 028 |
4 |
2 |
|a VFC03680
|
| 040 |
|
|
|b ita
|
| 041 |
|
7 |
|a eng
|2 ISO-639-2
|
| 245 |
0 |
0 |
|a Three.
|
| 260 |
|
|
|a London :
|b Dangerous to know,
|c c1998
|
| 300 |
|
|
|a 1 videocassetta (VHS) (58 min.) :
|b color., son
|
| 500 |
|
|
|a Tit. del contenitore
|
| 500 |
|
|
|a Ispirato al libro fotografico Three di Howard Hoffman
|
| 500 |
|
|
|a Vietato ai minori di 18 anni.
|
| 700 |
1 |
|
|a Hoffmann, Howard
|0 IT\ICCU\UBOV\225994
|
| 942 |
|
|
|2 ddc
|c VM
|n 0
|
| 952 |
|
|
|0 0
|1 0
|4 0
|6 VO_601_000000000000000
|7 0
|9 27054
|a BO
|b BO
|d 2026-01-24
|i 7181
|l 0
|o VO 601
|p BO7181
|r 2026-01-24 18:28:44
|w 2026-01-24
|x [Sebina 5] [1 videocassetta]
|y VM
|z 1 videocassetta
|
| 999 |
|
|
|c 22894
|d 22894
|